| 000 | 00000nam 2200000zi 4500 |
| 001 | 9.939720 |
| 003 | CaOODSP |
| 005 | 20241127112631 |
| 006 | m o d f |
| 007 | cr bn||||||||| |
| 008 | 240624s1972 onca obt f000 0 eng d |
| 040 | |aCaOODSP|beng|erda|cCaOODSP |
| 041 | 0 |aeng|beng|bfre |
| 086 | 1 |aEn57-58/771-1972E-PDF |
| 100 | 1 |aStorr, D., |eauthor. |
| 245 | 13|aAn aid to radiation measurements in winter / |cby D. Storr = Une aide pour la mesure du rayonnement en hiver / par D. Storr. |
| 246 | 31|aAide pour la mesure du rayonnement en hiver |
| 264 | 1|aDownsview, Ontario : |bEnvironment Canada, Atmospheric Environment Service, |c1972. |
| 300 | |a1 online resource (7 pages, 2 unnumbered pages) : |billustrations. |
| 336 | |atext|btxt|2rdacontent |
| 337 | |acomputer|bc|2rdamedia |
| 338 | |aonline resource|bcr|2rdacarrier |
| 490 | 1 |aTechnical memoranda, |x0708-2878 ; |vTEC 771 |
| 500 | |aISSN of series supplied from ISSN Portal. |
| 500 | |a"U.D.C. 551.508.2"--Cover. |
| 500 | |a"12 July 1972"--Cover. |
| 500 | |aDigitized edition from print [produced by Environment and Climate Change Canada]. |
| 504 | |aIncludes bibliographical references (page 7). |
| 520 | 3 |a"Snow accumulation on the dome of a radiometer may result in serious data loss, especially where daily inspection is not possible. A method which prevents the accumulation by means of a blower is described"--Abstract. |
| 546 | |aIncludes abstracts in English and French. |
| 650 | 0|aRadiometers. |
| 650 | 0|aSnow protection. |
| 650 | 6|aRadiomètres. |
| 650 | 6|aProtection contre la neige. |
| 655 | 7|aTechnical reports|2lcgft |
| 655 | 7|aRapports techniques|2rvmgf |
| 710 | 1 |aCanada. |bAtmospheric Environment Service, |eissuing body. |
| 830 | #0|aTechnical memoranda (Canada. Atmospheric Environment Service)|vTEC 771.|w(CaOODSP)9.934501 |
| 856 | 40|qPDF|s275 KB|uhttps://publications.gc.ca/collections/collection_2024/eccc/en57/En57-58-771-1972-eng.pdf |